Construction and maintenance of artisanal fishing harbours and village landings

Bibliographic Details
Main Author: SCIORTINO
Corporate Author: Food and Agriculture Organization of the United Nations (FAO)
Format: Book
Published: Rome : FAO , 1995
Series:FAO training series ; 25
Subjects:

MARC

LEADER 00000cam a2200000 7i4500
001 0000001046
005 20131213.0
020 0 0 |a 9251036098 
090 0 0 |a 380.1437   |b SCI 1995 
100 1 0 |a SCIORTINO   |h J. A. 
245 1 0 |a Construction and maintenance of artisanal fishing harbours and village landings   |c text by J. A. Sciortino 
260 0 0 |a Rome :   |b FAO ,   |c 1995 
300 |a 137 p. :   |b ill. ;   |c 24 x 17 cm. 
440 0 0 |a FAO training series ; 25 
650 0 0 |a Fishing ports 
650 0 0 |a Harbours 
710 1 1 |a Food and Agriculture Organization of the United Nations (FAO) 
998 |a JPSM 
999 |a 0000001240   |b Monograph   |c Open Shelf   |e Default branch